000 00467nam a2200181Ia 4500
001 2526
005 20260306144813.0
008 260306t2015||||xx |||||||||||||| ||spa||
041 _aESP
082 _a616.8914
_bM98
100 _aMussi, Carlos
_eAUT
245 0 _aLa práctica de la psicoterapia:
_buna guía para ser un terapeuta competente
260 _c2015
300 _a351 páginas :
_c22 cm.
650 _aGEN
654 _aCPS
942 _cLIB
_dJUS
_fJUS
_2ddc
_n
999 _c2526
_d2526